| Record ID | marc_records_scriblio_net/part27.dat:96818629:1200 |
| Source | Scriblio |
| Download Link | /show-records/marc_records_scriblio_net/part27.dat:96818629:1200?format=raw |
LEADER: 01200cam 2200301 a 4500
001 98049524
003 DLC
005 20030122090237.0
008 981027s1999 enka b 001 0 eng
010 $a 98049524
020 $a0521553156 (hardcover)
020 $a0521557410 (pbk.)
040 $aDLC$cDLC$dDLC
050 00 $aBF591$b.P57 1999
082 00 $a302.2$221
100 1 $aPlanalp, Sally,$d1950-
245 10 $aCommunicating emotion :$bsocial, moral, and cultural processes /$cSally Planalp.
260 $aCambridge ;$aNew York :$bCambridge University Press ;$aParis ;$bEditions de la Maison des sciences de l'homme,$c1999.
300 $axv, 295 p. :$bill. ;$c23 cm.
440 0 $aStudies in emotion and social interaction
504 $aIncludes bibliographical references (p. 243-275) and indexes.
650 0 $aExpression.
650 0 $aEmotions.
650 0 $aInterpersonal communication.
650 0 $aEmotions$xSocial aspects.
856 41 $3Sample text$uhttp://www.loc.gov/catdir/samples/cam032/98049524.html
856 42 $3Publisher description$uhttp://www.loc.gov/catdir/description/cam029/98049524.html
856 41 $3Table of contents$uhttp://www.loc.gov/catdir/toc/cam026/98049524.html